西安市重点限养区禁止饲养的“烈性犬”Banned Dogs in Urban Xi'an - Statistics

General Stats
  • This quiz has been taken 6 times
  • The average score is 15 of 42
Answer Stats
犬种 % Correct
萨摩耶犬
100%
西伯利亚雪橇犬
100%
藏獒
100%
德国牧羊犬
100%
秋田犬
83%
金毛寻回猎犬
83%
边境牧羊犬
67%
柴犬
67%
阿拉斯加雪橇犬
67%
杜宾犬
50%
松狮犬
50%
中华田园犬
50%
拉布拉多猎犬
50%
比特犬
33%
苏俄牧羊犬
33%
高加索犬
33%
意大利护卫犬
17%
菲勒犬
17%
英国斗牛犬
17%
日本狼青犬
17%
土佐犬
17%
罗威纳犬
17%
牛头梗
17%
澳洲牧羊犬
17%
昆明犬
17%
灵缇犬
17%
阿根廷杜高犬
17%
法老王猎犬
17%
大白熊犬
17%
威玛猎犬
17%
阿富汗猎犬
17%
川东猎犬
17%
圣伯纳犬
17%
中亚牧羊犬
17%
大丹犬
17%
比利时玛利诺犬
17%
美国恶霸犬
17%
马士提夫犬
17%
加纳利犬
17%
爱尔兰猎狼犬
17%
巨型贵宾犬
17%
绍波利顿獒犬
0%
No matching quizzes found
Score Distribution
Percent of People with Each Score
Percentile by Number Answered
Your Score History
You have not taken this quiz